Precaucions que cal que tinguin en compte les famílies per a evitar la propagació de les malalties contagioses en les escoles : memòria aprovada per l'Acadèmia d'Higiene de 1908, presentada pels ponents Josep Ma. Teixidor i Baltasar Pijoan memòria aprovada per l'Acadèmia d'Higiene de 1908, presentada pels ponents Josep Ma. Teixidor i Baltasar Pijoan
Descripción Física:
16 p. ; 13 cm
Materias:
Malalties transmissibles -- Prevenció
MARC
| LEADER | 00000nam a2200000Ia 4500 | ||
|---|---|---|---|
| 001 | 18618 | ||
| 003 | BGR | ||
| 005 | 20260410113707.0 | ||
| 008 | 160829s1915 xx 000 0 cat d | ||
| 080 | |a RF-3-32 | ||
| 245 | |a Precaucions que cal que tinguin en compte les famílies per a evitar la propagació de les malalties contagioses en les escoles : |b memòria aprovada per l'Acadèmia d'Higiene de 1908, presentada pels ponents Josep Ma. Teixidor i Baltasar Pijoan | ||
| 260 | |a Barcelona : |b Escola Model Montessori : |b Diputació de Barcelona, |c 1915 | ||
| 300 | |a 16 p. ; |c 13 cm | ||
| 590 | |a Prové 3271, exp. 9 | ||
| 650 | |a Malalties transmissibles |x Prevenció |9 49084 | ||
| 700 | |a Teixidor, Josep Ma. |9 49086 | ||
| 700 | |a Pijoan Soteras, Baltasar |9 29051 | ||
| 710 | 1 | |a Barcelona (Catalunya : Província). |b Diputació |9 52408 | |
| 710 | 2 | |a Acadèmia d'Higiene de Catalunya |9 70249 | |
| 710 | 2 | |a Escola Montessori (Barcelona) |9 70250 | |
| 856 | 4 | |u https://media.diba.cat/diba/fitxers/arxiu/fulletons/bib_18618_1915_baixa.pdf |y Accés lliure | |
| 856 | 4 | |u https://media.diba.cat/diba/fitxers/arxiu/fulletons/bib_18618_1915_baixa.pdf |y Accés lliure | |
| 900 | |a bib_18618_1915_baixa.pdf | ||
| 901 | |a Arxiu | ||
| 942 | |n 1 |2 udc |c MON | ||
| 952 | |0 0 |1 0 |4 0 |6 RF332 |7 1 |9 55075 |a Arxiu |b Arxiu |d 2016-12-01 |l 0 |o RF-3-32 |p 18618 |r 2016-12-01 00:00:00 |w 2016-12-01 |y ARXIU | ||
| 999 | |c 58947 |d 58947 | ||